Анализ технологической части Ленинградской АЭС; Проблемы геологии и освоения недр; Т. 2

Bibliographische Detailangaben
Parent link:Проблемы геологии и освоения недр: труды XXIII Международного симпозиума имени академика М. А. Усова студентов и молодых ученых, посвященного 120-летию со дня рождения академика К. И. Сатпаева, 120-летию со дня рождения профессора К. В. Радугина, Томск, 8-12 апреля 2019 г./ Национальный исследовательский Томский политехнический университет, Инженерная школа природных ресурсов ; гл. ред. А. С. Боев ; под ред. Е. Ю. Пасечник.— , 2019
Т. 2.— 2019.— [С. 232-233]
1. Verfasser: Киньшин А. И.
Körperschaft: Национальный исследовательский Томский политехнический университет Инженерная школа энергетики Отделение электроэнергетики и электротехники (ОЭЭ)
Weitere Verfasser: Космынина Н. М. Нина Михайловна (научный руководитель)
Zusammenfassung:Заглавие с экрана
Sprache:Russisch
Veröffentlicht: 2019
Schriftenreihe:Энергосбережение, автоматизация объектов нефтегазовой промышленности
Schlagworte:
Online-Zugang:http://earchive.tpu.ru/handle/11683/56227
Format: Elektronisch Buchkapitel
KOHA link:https://koha.lib.tpu.ru/cgi-bin/koha/opac-detail.pl?biblionumber=630042

MARC

LEADER 00000naa2a2200000 4500
001 630042
005 20231101133606.0
035 |a (RuTPU)RU\TPU\conf\30911 
035 |a RU\TPU\conf\30910 
090 |a 630042 
100 |a 20191011d2019 k y0rusy50 ca 
101 0 |a rus 
102 |a RU 
105 |a y z 100zy 
135 |a drgn ---uucaa 
181 0 |a i  
182 0 |a b 
200 1 |a Анализ технологической части Ленинградской АЭС  |f А. И. Киньшин  |g науч. рук. Н. М. Космынина 
203 |a Текст  |c электронный 
225 1 |a Энергосбережение, автоматизация объектов нефтегазовой промышленности 
230 |a 1 компьютерный файл (pdf; 337 Kb) 
300 |a Заглавие с экрана 
320 |a [Библиогр.: с. 233 (3 назв.)] 
461 1 |0 (RuTPU)RU\TPU\conf\30471  |t Проблемы геологии и освоения недр  |o труды XXIII Международного симпозиума имени академика М. А. Усова студентов и молодых ученых, посвященного 120-летию со дня рождения академика К. И. Сатпаева, 120-летию со дня рождения профессора К. В. Радугина, Томск, 8-12 апреля 2019 г.  |o в 2 т.  |f Национальный исследовательский Томский политехнический университет, Инженерная школа природных ресурсов ; гл. ред. А. С. Боев ; под ред. Е. Ю. Пасечник  |d 2019 
463 1 |0 (RuTPU)RU\TPU\conf\30475  |t Т. 2  |v [С. 232-233]  |d 2019 
610 1 |a труды учёных ТПУ 
610 1 |a электронный ресурс 
610 1 |a Ленинградская АЭС 
610 1 |a турбоустановки 
610 1 |a турбогенераторы 
610 1 |a энергоблоки 
610 1 |a РБМК-1000 
700 1 |a Киньшин  |b А. И. 
702 1 |a Космынина  |b Н. М.  |c специалист в области электроэнергетики  |c доцент Томского политехнического университета, кандидат технических наук  |f 1953-  |g Нина Михайловна  |2 stltpush  |4 727 
712 0 2 |a Национальный исследовательский Томский политехнический университет  |b Инженерная школа энергетики  |b Отделение электроэнергетики и электротехники (ОЭЭ)  |h 8022  |2 stltpush  |3 (RuTPU)RU\TPU\col\23505 
801 2 |a RU  |b 63413507  |c 20191024  |g RCR 
856 4 |u http://earchive.tpu.ru/handle/11683/56227 
942 |c BK